Phase transformation and diffusion / (Record no. 131405)
[ view plain ]
| 000 -LEADER | |
|---|---|
| fixed length control field | 01802nam a22003971i 4500 |
| 001 - CONTROL NUMBER | |
| control field | ebr10777804 |
| 003 - CONTROL NUMBER IDENTIFIER | |
| control field | CaPaEBR |
| 006 - FIXED-LENGTH DATA ELEMENTS--ADDITIONAL MATERIAL CHARACTERISTICS--GENERAL INFORMATION | |
| fixed length control field | m o d |
| 007 - PHYSICAL DESCRIPTION FIXED FIELD--GENERAL INFORMATION | |
| fixed length control field | cr cn||||||||| |
| 008 - FIXED-LENGTH DATA ELEMENTS--GENERAL INFORMATION | |
| fixed length control field | 081008s2008 sz a ob 001 0 eng d |
| 020 ## - INTERNATIONAL STANDARD BOOK NUMBER | |
| Cancelled/invalid ISBN | 3908451612 |
| International Standard Book Number | 9783038132066 (e-book) |
| Cancelled/invalid ISBN | 9783908451617 |
| 040 ## - CATALOGING SOURCE | |
| Original cataloging agency | CaPaEBR |
| Language of cataloging | eng |
| Description conventions | rda |
| -- | pn |
| Transcribing agency | CaPaEBR |
| 035 ## - SYSTEM CONTROL NUMBER | |
| System control number | (OCoLC)868960815 |
| 050 14 - LIBRARY OF CONGRESS CALL NUMBER | |
| Classification number | QC175.16.P5 |
| Item number | P465 2008eb |
| 082 04 - DEWEY DECIMAL CLASSIFICATION NUMBER | |
| Classification number | 530.474 |
| Edition number | 22 |
| 245 00 - TITLE STATEMENT | |
| Title | Phase transformation and diffusion / |
| Statement of responsibility, etc | guest edited by G.B. Kale [and three others]. |
| 264 #1 - PRODUCTION, PUBLICATION, DISTRIBUTION, MANUFACTURE, AND COPYRIGHT NOTICE | |
| Place of production, publication, distribution, manufacture | Stafa-Zuerich : |
| Name of producer, publisher, distributor, manufacturer | Trans Tech Publications, |
| Date of production, publication, distribution, manufacture, or copyright notice | 2008. |
| 300 ## - PHYSICAL DESCRIPTION | |
| Extent | 1 online resource (157 pages) : |
| Other physical details | illustrations. |
| 336 ## - CONTENT TYPE | |
| Content type term | text |
| Source | rdacontent |
| 337 ## - MEDIA TYPE | |
| Media type term | computer |
| Source | rdamedia |
| 338 ## - CARRIER TYPE | |
| Carrier type term | online resource |
| Source | rdacarrier |
| 440 #0 - SERIES STATEMENT/ADDED ENTRY--TITLE | |
| Title | Diffusion and defect data. |
| Number of part/section of a work | Pt. A, |
| Name of part/section of a work | Diffusion and defect forum, |
| International Standard Serial Number | 1012-0386 ; |
| Volume number/sequential designation | v. 279 |
| 500 ## - GENERAL NOTE | |
| General note | "Special topic volume with invited papers only." |
| 504 ## - BIBLIOGRAPHY, ETC. NOTE | |
| Bibliography, etc | Includes bibliographical references and indexes. |
| 588 ## - SOURCE OF DESCRIPTION NOTE | |
| Source of description note | Description based on print version record. |
| 590 ## - LOCAL NOTE (RLIN) | |
| Local note | Electronic reproduction. Palo Alto, Calif. : ebrary, 2013. Available via World Wide Web. Access may be limited to ebrary affiliated libraries. |
| 650 #0 - SUBJECT ADDED ENTRY--TOPICAL TERM | |
| Topical term or geographic name as entry element | Diffusion. |
| Topical term or geographic name as entry element | Phase transformations (Statistical physics) |
| 655 #0 - INDEX TERM--GENRE/FORM | |
| Genre/form data or focus term | Electronic books. |
| 700 1# - ADDED ENTRY--PERSONAL NAME | |
| Personal name | Kale, G. B. |
| 776 08 - ADDITIONAL PHYSICAL FORM ENTRY | |
| Display text | Print version: |
| Title | Phase transformation and diffusion. |
| Place, publisher, and date of publication | Stafa-Zuerich : Trans Tech Publications, 2008 |
| Physical description | viii, 151 pages : illustrations ; 25 cm. |
| Series data for related item | Diffusion and defect data. Pt. A, Diffusion and defect forum ; v. 279. |
| International Standard Book Number | 9783908451617 |
| 797 2# - LOCAL ADDED ENTRY--CORPORATE NAME (RLIN) | |
| Corporate name or jurisdiction name as entry element | ebrary. |
| 856 40 - ELECTRONIC LOCATION AND ACCESS | |
| Uniform Resource Identifier | <a href="http://site.ebrary.com/lib/rucke/Doc?id=10777804">http://site.ebrary.com/lib/rucke/Doc?id=10777804</a> |
| Public note | An electronic book accessible through the World Wide Web; click to view |
No items available.
